000 00406nab a2200133Ia 4500
003 ES-SlBCS
005 20210601125231.0
008 140529s1973 xxu||||| |||| 00| 0 eng d
041 _aeng
100 1 _aHoy, Ronald C.
_9155763
245 0 4 _aThe Unverifiability of Unverifiability
_c Ronald C. Hoy
773 0 _tPhilosophy and Phenomenological Research
_gvol. 33, 1973, págs. 393-398
_wRev1411
942 _cAR
999 _c526957
_d526957